Toward a systematic pragmatics

Gardado en:
Detalles Bibliográficos
Autor Principal: Martin, Richard Milton (autor)
Formato: Libro
Idioma:inglés
Publicado: Amsterdam North-Holland 1959
Series:Studies in logic and the foundations of mathematics
Subjects:
Tags: Engadir etiqueta
Sen Etiquetas, Sexa o primeiro en etiquetar este rexistro!

MARC

LEADER 00000nam a2200000 a 4500
001 UCW1304
003 CL-VaPUC
008 920107e19590000NE |||||||||||||||||eng|d
082 0 4 |a 511.3  |b MAR  |2 21 
100 |a Martin, Richard Milton  |e autor  |9 305228 
245 1 0 |a Toward a systematic pragmatics 
300 |a 107 p 
942 |c BK 
945 |d 19920107 00:00:00 
260 |a Amsterdam  |b North-Holland  |c 1959 
650 0 |a Lógica matemática   |9 262442 
583 |a last modification  |c 19920107 00:00:00  |k Rodrigo Vera 
490 0 |a Studies in logic and the foundations of mathematics 
999 |c 216219  |d 216217 
952 |0 0  |1 0  |4 0  |6 511_300000000000000_MAR_1959  |7 0  |8 A  |9 201726  |a BIBMAT  |b BIBMAT  |d 2019-11-14  |i 2689715  |o 511.3 MAR 1959  |p 2689715  |r 2025-01-07  |w 2019-11-14  |y BK  |k MAT